Amotopoan trails (Record no. 6109)
[ view plain ]
| 000 -LEADER | |
|---|---|
| fixed length control field | 01416nam a2200325 a 4500 |
| 001 - CONTROL NUMBER | |
| control field | ebr10702616 |
| 003 - CONTROL NUMBER IDENTIFIER | |
| control field | CaPaEBR |
| 006 - FIXED-LENGTH DATA ELEMENTS--ADDITIONAL MATERIAL CHARACTERISTICS--GENERAL INFORMATION | |
| fixed length control field | m o u |
| 007 - PHYSICAL DESCRIPTION FIXED FIELD--GENERAL INFORMATION | |
| fixed length control field | cr cn||||||||| |
| 008 - FIXED-LENGTH DATA ELEMENTS--GENERAL INFORMATION | |
| fixed length control field | 130530s2012 ne ab sb 000 0 eng d |
| 020 ## - INTERNATIONAL STANDARD BOOK NUMBER | |
| Cancelled/invalid ISBN | 9789088900983 |
| Cancelled/invalid ISBN | 9789088901836 (e-book) |
| 040 ## - CATALOGING SOURCE | |
| Original cataloging agency | CaPaEBR |
| Transcribing agency | CaPaEBR |
| 035 ## - SYSTEM CONTROL NUMBER | |
| System control number | (OCoLC)845047703 |
| 043 ## - GEOGRAPHIC AREA CODE | |
| Geographic area code | sa----- |
| 050 14 - LIBRARY OF CONGRESS CALL NUMBER | |
| Classification number | F2420.1.T7 |
| Item number | M36 2012eb |
| 100 1# - MAIN ENTRY--PERSONAL NAME | |
| Personal name | Mans, Jimmy. |
| 245 10 - TITLE STATEMENT | |
| Title | Amotopoan trails |
| Medium | [electronic resource] : |
| Remainder of title | a recent archaeology of Trio movements / |
| Statement of responsibility, etc | Jimmy Mans. |
| 260 ## - PUBLICATION, DISTRIBUTION, ETC. (IMPRINT) | |
| Place of publication, distribution, etc | Leiden : |
| Name of publisher, distributor, etc | Sidestone Press : |
| -- | In cooperation with the National Museum of Ethnology, Leiden, |
| Date of publication, distribution, etc | c2012. |
| 300 ## - PHYSICAL DESCRIPTION | |
| Extent | xii, 316 p. : |
| Other physical details | ill. (some col.), maps (some col.). |
| 490 1# - SERIES STATEMENT | |
| Series statement | Mededelingen van het Rijksmuseum voor Volkenkunde, Leiden ; |
| Volume number/sequential designation | no. 41 |
| 504 ## - BIBLIOGRAPHY, ETC. NOTE | |
| Bibliography, etc | Includes bibliographical references. |
| 533 ## - REPRODUCTION NOTE | |
| Type of reproduction | Electronic reproduction. |
| Place of reproduction | Palo Alto, Calif. : |
| Agency responsible for reproduction | ebrary, |
| Date of reproduction | 2013. |
| Note about reproduction | Available via World Wide Web. |
| -- | Access may be limited to ebrary affiliated libraries. |
| 650 #0 - SUBJECT ADDED ENTRY--TOPICAL TERM | |
| Topical term or geographic name as entry element | Trio Indians |
| General subdivision | Migrations. |
| Topical term or geographic name as entry element | Archaeology |
| Geographic subdivision | Amazon River Region. |
| 655 #7 - INDEX TERM--GENRE/FORM | |
| Genre/form data or focus term | Electronic books. |
| Source of term | local |
| 710 2# - ADDED ENTRY--CORPORATE NAME | |
| Corporate name or jurisdiction name as entry element | ebrary, Inc. |
| 830 #0 - SERIES ADDED ENTRY--UNIFORM TITLE | |
| Uniform title | Mededelingen van het Rijksmuseum voor Volkenkunde, Leiden ; |
| Volume number/sequential designation | no. 41. |
| 856 40 - ELECTRONIC LOCATION AND ACCESS | |
| Uniform Resource Identifier | <a href="http://site.ebrary.com/lib/rucke/Doc?id=10702616">http://site.ebrary.com/lib/rucke/Doc?id=10702616</a> |
| Public note | An electronic book accessible through the World Wide Web; click to view |
No items available.
